MARC

LEADER 00000nam0a2200000 4500
001 13789
005 20231030185158.0
010 |a 5060037398 
035 |a (RuTPU)RU\TPU\book\13872 
035 |a BOOK00013940 
090 |a 13789 
100 |a 20011209d2000 m y0rusy50 ca 
101 0 |a rus 
102 |a RU 
105 |a a j 000zy 
200 1 |a Черчение для строителей  |e учебник  |f Ю. И. Короев 
205 |a 6-е изд., стер. 
210 |a Москва  |c Высшая школа  |c Академия  |d 2000 
215 |a 256 с.  |c ил. 
225 1 |a Профессия 
610 1 |a черчение 
610 1 |a строительство 
610 1 |a оформление 
610 1 |a геометрические построения 
610 1 |a проекции 
610 1 |a виды 
610 1 |a сечения 
610 1 |a разрезы 
675 |a 721.02(07)  |v 3 
700 1 |a Короев  |b Ю. И.  |g Юрий Ильич 
801 0 |a RU  |b 63413507  |c 20011209  |g PSBO 
801 2 |a RU  |b 63413507  |c 20050610  |g PSBO 
942 |c BK